[Event "IRQ Clubs-chT"]
[Site "Baghdad"]
[Date "2017.08.16"]
[Round "1.3"]
[White "Al Saffar, Araz Basim Mohammed"]
[Black "Jabbar, Raheem B Alamir"]
[Result "1-0"]
[WhiteElo "2355"]
[BlackElo "1731"]
[PlyCount "73"]
[EventDate "2017.08.16"]
[EventType "team-swiss"]
[EventRounds "7"]
[EventCountry "IRQ"]
[SourceTitle "CBM 180 Extra"]
[Source "ChessBase"]
[SourceDate "2017.10.06"]
[SourceVersion "1"]
[SourceVersionDate "2017.10.06"]
[SourceQuality "1"]
[WhiteTeam "Etisalat"]
[BlackTeam "Naomanya"]
[WhiteTeamCountry "IRQ"]
[BlackTeamCountry "IRQ"]

1. d4 d5 2. c4 e6 3. Nc3 Nf6 4. cxd5 exd5 5. Bg5 c6 6. Qc2 Be7 7. e3 h6 8. Bf4 0-0 9. Bd3 Re8 10. Nge2 Nbd7 11. 0-0 Nf8 12. Rab1 Bd6 13. b4 b6 14. a4 Qe7 15. b5 c5 16. dxc5 Bxc5 17. Bf5 Be6 18. Rfd1 Rec8 19. Be5 N8d7 20. Bd4 Rc7 21. Bxc5 Rxc5 22. Nd4 Ne5 23. Bxe6 fxe6 24. f4 Nc4 25. Qe2 Na5 26. Na2 Rc4 27. Qe1 Rxa4 28. Nb4 Nc4 29. Nbc6 Qe8 30. Ra1 Rxa1 31. Rxa1 Qd7 32. Qg3 Ne4 33. Qg6 Nc5 34. f5 exf5 35. Nxf5 Kf8 36. Rf1 Kg8 37. Nce7+ 1-0